Portfolio assessment in college methods courses : practicing what we preach / Debra L. Stahle, Judith P. Mitchell (Record no. 74604)
[ view plain ]
| 000 -CABECERA | |
|---|---|
| campo de control de longitud fija | 00673nam a2200217 a 4500 |
| 005 - FECHA Y HORA DE LA ÚLTIMA TRANSACCIÓN | |
| campo de control | 20210219153342.0 |
| 008 - ELEMENTOS DE LONGITUD FIJA--INFORMACIÓN GENERAL | |
| campo de control de longitud fija | 991125n 000 0 eng u |
| 035 ## - NÚMERO DE CONTROL DEL SISTEMA | |
| Número de control de sistema | UPN01000093201 |
| 100 ## - ASIENTO PRINCIPAL--NOMBRE PERSONAL | |
| Nombre de persona | Stahle, Debra L. |
| 222 ## - TÍTULO CLAVE | |
| Título clave | JOURNAL OF READING |
| 245 ## - MENCIÓN DE TÍTULO | |
| Título | Portfolio assessment in college methods courses : practicing what we preach / Debra L. Stahle, Judith P. Mitchell |
| 300 ## - DESCRIPCIÓN FÍSICA | |
| Extensión | 538-542 |
| 362 ## - FECHAS DE PUBLICACIÓN Y/O DESIGNACIÓN SECUENCIAL | |
| Fecha de publicación y/o designación secuencial | 1993 36, no. 7 |
| 653 0# - TERMINO DE INDIZACION - NO CONTROLADO | |
| Término no controlado | ARTES DE LENGUAJE |
| 653 0# - TERMINO DE INDIZACION - NO CONTROLADO | |
| Término no controlado | CURSOS DE METODOS |
| 653 0# - TERMINO DE INDIZACION - NO CONTROLADO | |
| Término no controlado | FORMACION DE MAESTROS |
| 653 0# - TERMINO DE INDIZACION - NO CONTROLADO | |
| Término no controlado | PORTFOLIOS (BACKGROUND MATERIALS) |
| 700 ## - ASIENTO SECUNDARIO--NOMBRE DE PERSONAL | |
| Nombre de persona | Mitchell, Judith P., coaut. |
| 904 ## - ELEMENTOS DE DATOS D LOCAL, LDD (RLIN) | |
| a | AC |
| b | 031012 |
| 905 ## - TIPO DE MATERIAL | |
| Tipo de material | Articulo |
No items available.
